Pandit Deendayal Upadhyaya ki chintan drashti (Record no. 9101)

MARC details
000 -LEADER
fixed length control field 00524nam a2200181Ia 4500
020 ## - INTERNATIONAL STANDARD BOOK NUMBER
ISBN 9789383980598
082 ## - DEWEY DECIMAL CLASSIFICATION NUMBER
Classification number 954.04092 DEE-P
100 ## - MAIN ENTRY--AUTHOR NAME
Personal name Deenanath Singh
245 #0 - TITLE STATEMENT
Title Pandit Deendayal Upadhyaya ki chintan drashti
260 ## - PUBLICATION, DISTRIBUTION, ETC. (IMPRINT)
Place of publication New Delhi
Name of publisher Shivank Prakashan
Year of publication 2017
300 ## - PHYSICAL DESCRIPTION
Number of Pages 159p
650 ## - SUBJECT ADDED ENTRY--TOPICAL TERM
Topical Term Biography
Form subdivision Deendayal upadhyaya
Geographic subdivision India
650 ## - SUBJECT ADDED ENTRY--TOPICAL TERM
Topical Term Rajnaitik Itihas
Geographic subdivision Bharat
650 ## - SUBJECT ADDED ENTRY--TOPICAL TERM
Topical Term Arthneeti
Form subdivision Upadhyaya, Deendayal
650 ## - SUBJECT ADDED ENTRY--TOPICAL TERM
Topical Term Ekatmmanavbad
Form subdivision Upadhyaya, Deendayal
700 ## - ADDED ENTRY--PERSONAL NAME
Personal name Harnam Singh
942 ## - ADDED ENTRY ELEMENTS (KOHA)
Koha item type Books
Holdings
Withdrawn status Lost status Damaged status Not for loan Collection code Home library Current library Date acquired Source of acquisition Bill Date Full call number Accession Number Price effective from Koha item type Public note
        हिंदी पुस्तकों पर विशेष संग्रह NASSDOC Library NASSDOC Library 15/03/2018 OP 2018-02-28 954.04092 DEE-P 49618 18/04/2019 Books हिंदी पुस्तकों पर विशेष संग्रह